[Event "CRO-ch U13"]
[Site "Trogir"]
[Date "2022.06.22"]
[Round "1"]
[White "Mihocka, Matija"]
[Black "Kresic, Vid"]
[Result "0-1"]
[WhiteElo "1749"]
[BlackElo "1449"]
[PlyCount "46"]
[EventDate "2022.06.22"]
[EventType "swiss"]
[EventRounds "9"]
[EventCountry "CRO"]
[SourceTitle "CBM 209 Extra"]
[Source "ChessBase"]
[SourceDate "2022.09.30"]
[SourceVersion "1"]
[SourceVersionDate "2022.09.30"]
[SourceQuality "1"]

1. e4 e5 2. Nf3 Nc6 3. Nc3 Nf6 4. d4 exd4 5. Nxd4 Bb4 6. Bg5 h6 7. Bxf6 Qxf6 8. Nxc6 Bxc3+ 9. bxc3 Qxc3+ 10. Ke2 Qxc6 11. Qd4 Qxc2+ 12. Ke1 0-0 13. Bc4 d6 14. a4 Be6 15. Bxe6 fxe6 16. Qe3 d5 17. exd5 exd5 18. f3 Rae8 19. Qxe8 Rxe8+ 20. Kf1 Qe2+ 21. Kg1 Qb2 22. Rd1 Re2 23. Kf1 Rxg2 0-1